Missing Word: Anime Shows (A-Z) Quiz Stats

 Plays Quiz Updated Sep 15, 2017

Score 0/25 Timer 03:00
4 Plays Today
Title Missing Word % Correct
_____ Ball ZDragon
97.1%
_____ AlchemistFullmetal
89.8%
Death _____Note
88.7%
Cowboy _____Bebop
88.6%
_____ PieceOne
85.9%
Soul _____Eater
85.1%
_____ GeassCode
83.9%
_____ Beats!Angel
82.4%
Akame ga _____!Kill
78.7%
Neon _____ EvangelionGenesis
77.7%
_____ ChamplooSamurai
67%
Spice and _____Wolf
60.5%
_____ of Haruhi SuzumiyaMelancholy
55.2%
Title Missing Word % Correct
_____ _____ HakushoYu
54.8%
Treasure _____Island
50.7%
Hellsing _____Ultimate
49.9%
Black _____Lagoon
47.5%
Ergo _____Proxy
45.8%
City _____Hunter
44.2%
_____'s BladeQueen
40.8%
_____ Hunter DVampire
36.7%
Kino's _____Journey
36%
Princess _____Tutu
22.1%
_____ BellZatch
21.8%
The _____ of VersaillesRose
21.7%

Today's Daily Dose

You're not logged in!

Compare scores with friends on all Sporcle quizzes.
OR
Log In

Show Comments

Extras

Top Quizzes Today


Score Distribution

Your Account Isn't Verified!

In order to create a playlist on Sporcle, you need to verify the email address you used during registration. Go to your Sporcle Settings to finish the process.

Report this User

Report this user for behavior that violates our Community Guidelines.

Details: